[Event "Elit(Solna-Upsala)"]
[Site "?"]
[Date "2009.03.15"]
[Round "11"]
[White "Landgren, Andreas"]
[Black "Johansson, Carl Fredrik"]
[Result "1/2-1/2"]
[WhiteElo "2210"]
[BlackElo "2219"]
[PlyCount "144"]

1. d4 Nf6 2. c4 g6 3. Nc3 Bg7 4. e4 d6 5. Nf3 O-O 6. h3 c5 7. d5 b5 8. cxb5 a6
9. bxa6 Bxa6 10. Bxa6 Nxa6 11. O-O Qc7 12. Re1 Nd7 13. Bf4 Rfb8 14. Qe2 c4 15.
e5 Nb4 16. e6 Nd3 17. exd7 Nxf4 18. Qxe7 Bf8 19. d8=Q Qxd8 20. Qxd8 Rxd8 21.
Re4 Nd3 22. Rb1 Rdc8 23. Nd2 Bg7 24. Rxc4 Nxb2 25. Rxc8+ Rxc8 26. Rxb2 Rxc3 27.
Rb8+ Bf8 28. Ne4 Rc1+ 29. Kh2 Kg7 30. Rd8 Ra1 31. Nxd6 Bxd6+ 32. Rxd6 Rxa2 33.
Kg3 Kf8 34. Rb6 Ke7 35. Rb7+ Kf6 36. Kf3 Rd2 37. Rd7 h5 38. g3 Ke5 39. Rxf7
Rd3+ 40. Ke2 Rxd5 41. g4 hxg4 42. hxg4 Ke6 43. Rf8 Ra5 44. f4 Ra2+ 45. Kf3 Ra3+
46. Kg2 Ke7 47. Rb8 Kf6 48. Rb6+ Kg7 49. Rb2 Kf6 50. Rf2 Rb3 51. Rf3 Rb1 52.
Ra3 Rb6 53. Kg3 Rc6 54. Kh4 Rb6 55. Ra7 g5+ 56. fxg5+ Kg6 57. Ra5 Rb3 58. Ra6+
Kg7 59. Rc6 Ra3 60. g6 Ra5 61. Rb6 Rc5 62. g5 Rc1 63. Rb3 Rh1+ 64. Rh3 Rxh3+
65. Kxh3 Kxg6 66. Kg4 Kg7 67. Kf5 Kf7 68. g6+ Kg7 69. Kg5 Kg8 70. Kf6 Kf8 71.
g7+ Kg8 72. Ke7 Kxg7 1/2-1/2

[Event "Elit(Manhem-LASK)"]
[Site "?"]
[Date "2009.03.15"]
[Round "11"]
[White "Lund, Esben"]
[Black "Akesson, Joel"]
[Result "1-0"]
[WhiteElo "2481"]
[BlackElo "2382"]
[PlyCount "101"]

1. d4 d5 2. c4 c6 3. Nf3 Nf6 4. e3 Bf5 5. Nc3 e6 6. Nh4 Bg6 7. Be2 Nbd7 8. Bd2
Be7 9. Nxg6 hxg6 10. Qb3 Qb6 11. Qxb6 axb6 12. O-O O-O 13. Rfd1 dxc4 14. a4 Bb4
15. Bxc4 Rfd8 16. Kf1 e5 17. h3 Ne8 18. Bb3 Nc7 19. Nb5 cxb5 20. Bxb4 exd4 21.
exd4 bxa4 22. Rxa4 Rxa4 23. Bxa4 Nd5 24. Bd2 Nf8 25. h4 Ne6 26. Be3 Nec7 27.
Bb3 Ra8 28. Ke2 Ra5 29. Rd2 Rb5 30. Bc4 Rb4 31. Rc2 Ra4 32. Bxd5 Nxd5 33. Rc8+
Kh7 34. Rd8 Ra5 35. Bd2 Rb5 36. Kd3 Nf6 37. Bc3 Rf5 38. f3 Rh5 39. Rf8 Rxh4 40.
Rxf7 Rh2 41. g4 Rh3 42. g5 Nh5 43. Ke4 Ng3+ 44. Kf4 Nh5+ 45. Ke5 Rg3 46. d5
Rxg5+ 47. Ke6 Rg1 48. d6 Rd1 49. d7 g5 50. Ke7 Kg6 51. Rf8 1-0

[Event "Elit(Manhem-LASK)"]
[Site "?"]
[Date "2009.03.15"]
[Round "11"]
[White "Carlhammar, Magnus"]
[Black "Grandelius, Nils"]
[Result "1/2-1/2"]
[WhiteElo "2371"]
[BlackElo "2525"]
[PlyCount "118"]

1. d4 Nf6 2. Nf3 e6 3. g3 d5 4. Bg2 c5 5. c4 cxd4 6. O-O dxc4 7. Qxd4 Qxd4 8.
Nxd4 a6 9. Nd2 Bc5 10. Nc2 Ra7 11. Nxc4 b5 12. Na5 Ke7 13. Be3 Bxe3 14. Nxe3 e5
15. a4 Be6 16. Bb7 Rd8 17. Rfd1 Rxd1+ 18. Rxd1 bxa4 19. Bc6 Rc7 20. Bxa4 g6 21.
f3 Nbd7 22. b4 Rc3 23. Kf2 Nb6 24. Bc6 Bd7 25. Bxd7 Nfxd7 26. Ra1 Nf6 27. Nb7
Nbd5 28. Nxd5+ Nxd5 29. Nc5 Nxb4 30. Nxa6 Nc6 31. Ra2 e4 32. fxe4 Ne5 33. Nb4
Ng4+ 34. Kg2 Rc4 35. Nd5+ Kf8 36. h3 Ne5 37. Kf2 Rxe4 38. Nf4 Kg7 39. Rc2 h5
40. Nd3 h4 41. Nxe5 hxg3+ 42. Kxg3 Rxe5 43. Kf3 Rh5 44. Kg3 Ra5 45. Rc3 Kh6 46.
Rf3 f5 47. Rb3 Ra4 48. e3 Kh5 49. Rc3 Re4 50. Rd3 Re8 51. Ra3 g5 52. Kf3 Kh4
53. Ra7 Rh8 54. Kg2 Kh5 55. Ra5 Rf8 56. Kg3 Rf7 57. Rb5 Re7 58. Rxf5 Rxe3+ 59.
Rf3 Rxf3+ 1/2-1/2

[Event "Elit(Manhem-LASK)"]
[Site "?"]
[Date "2009.03.15"]
[Round "11"]
[White "Smith, Axel"]
[Black "Nithander, Victor"]
[Result "1/2-1/2"]
[WhiteElo "2426"]
[BlackElo "2465"]
[PlyCount "85"]

1. e4 c5 2. Nf3 Nc6 3. d4 cxd4 4. Nxd4 Nf6 5. Nc3 e5 6. Ndb5 d6 7. Bg5 a6 8.
Na3 b5 9. Nd5 Be7 10. Bxf6 Bxf6 11. c3 Bg5 12. Nc2 O-O 13. a4 bxa4 14. Rxa4 a5
15. Bc4 Bd7 16. O-O Ne7 17. Ra2 Nxd5 18. Bxd5 Rb8 19. Na3 Qc7 20. Nc4 Bb5 21.
Nxa5 Bxf1 22. Qxf1 Kh8 23. Nc6 Rbc8 24. b4 f5 25. Ra7 Qb6 26. Qa6 Qxa6 27. Rxa6
fxe4 28. Bxe4 Bd2 29. Ra3 Ra8 30. Na7 Rad8 31. Nc6 Ra8 32. Na7 Rad8 33. Bd5 e4
34. Kf1 e3 35. f3 Rf5 36. Be4 Rff8 37. b5 d5 38. Bd3 Ra8 39. b6 Rfb8 40. Rb3 g6
41. Ke2 Rxb6 42. Rxb6 Rxa7 43. Ba6 1/2-1/2

[Event "Elit(Manhem-LASK)"]
[Site "?"]
[Date "2009.03.15"]
[Round "11"]
[White "Schneider, Lars-Ake"]
[Black "Tikkanen, Hans"]
[Result "1/2-1/2"]
[WhiteElo "2338"]
[BlackElo "2501"]
[PlyCount "100"]

1. e4 e5 2. Nf3 Nc6 3. Bb5 a6 4. Bxc6 dxc6 5. O-O Qf6 6. d3 Bg4 7. Be3 Bxf3 8.
Qxf3 Qxf3 9. gxf3 Bd6 10. Nd2 Ne7 11. Rfd1 f5 12. Nc4 f4 13. Bd2 c5 14. Bc3 Nc6
15. Na5 Nxa5 16. Bxa5 O-O 17. Kf1 Rf6 18. Ke2 Rh6 19. Rh1 Re8 20. Rag1 Ree6 21.
Rg2 Rh3 22. Rhg1 g6 23. Rh1 b6 24. Bd2 Be7 25. c3 g5 26. d4 Kf7 27. dxc5 bxc5
28. c4 h5 29. Rgg1 Rg6 30. Ba5 Bd6 31. Rd1 Ke6 32. Rd3 g4 33. fxg4 hxg4 34.
Rxh3 gxh3 35. Kf3 Rg2 36. b3 Kd7 37. Bc3 Ke6 38. Ba5 Kd7 39. Bc3 c6 40. Ke2 Ke6
41. Ba5 Be7 42. Bb6 Rg8 43. Rd1 a5 44. Rd3 Ra8 45. Rxh3 a4 46. Rh6+ Kd7 47. Rh7
Kd6 48. Rh6+ Kd7 49. Rh7 Kd6 50. Rh6+ Kd7 1/2-1/2

[Event "Elit(Manhem-LASK)"]
[Site "?"]
[Date "2009.03.15"]
[Round "11"]
[White "Semcesen, Daniel"]
[Black "Olausson, Claes-Goran"]
[Result "1-0"]
[WhiteElo "2403"]
[BlackElo "2369"]
[PlyCount "65"]

1. d4 d5 2. c4 c6 3. Nf3 Nf6 4. Qb3 e6 5. Bg5 Nbd7 6. Nc3 Qa5 7. Bd2 Qb6 8. c5
Qxb3 9. axb3 e5 10. e3 e4 11. Ng5 h6 12. Nh3 a6 13. f3 exf3 14. gxf3 g5 15. e4
g4 16. Nf4 dxe4 17. fxe4 Be7 18. O-O-O Nh7 19. Be2 Bg5 20. Kb1 b6 21. b4 bxc5
22. bxc5 Ndf8 23. Na4 Nf6 24. Bd3 Ne6 25. Nb6 Rb8 26. Nxe6 Bxe6 27. Bc3 Bb3 28.
Rde1 O-O 29. h4 gxh3 30. Reg1 Rfe8 31. Rxh3 Kf8 32. d5 cxd5 33. Rxg5 1-0

[Event "Elit(Manhem-LASK)"]
[Site "?"]
[Date "2009.03.15"]
[Round "11"]
[White "Welin, Mats"]
[Black "Bejtovic, Jasmin"]
[Result "1/2-1/2"]
[WhiteElo "2323"]
[BlackElo "2337"]
[PlyCount "119"]

1. e4 c5 2. Nf3 Nc6 3. d4 cxd4 4. Nxd4 g6 5. c4 Nf6 6. Nc3 Nxd4 7. Qxd4 d6 8.
Bg5 Bg7 9. Qd2 O-O 10. Bd3 Be6 11. O-O Rc8 12. b3 Nd7 13. Rad1 Nc5 14. Bb1 Re8
15. Bh6 Qb6 16. Bxg7 Kxg7 17. Kh1 f6 18. f4 Rcd8 19. Rde1 Qb4 20. Re3 Bg8 21.
Qc1 Qb6 22. e5 Qc6 23. Rg3 dxe5 24. fxe5 Rd4 25. Rh3 Rg4 26. Nd5 h5 27. Qb2
Bxd5 28. cxd5 Qxd5 29. exf6+ exf6 30. Qxf6+ Kh6 31. Rhf3 Nd7 32. Qf7 Qxf7 33.
Rxf7 Nc5 34. Rc7 Rf4 35. Kg1 Rxf1+ 36. Kxf1 Re5 37. b4 Ne6 38. Rxb7 a5 39. a3
Re3 40. Rb6 a4 41. Bc2 Nd4 42. Bxa4 Rxa3 43. Be8 Ra1+ 44. Kf2 Ra2+ 45. Kg3 Ra8
46. Bc6 Nxc6 47. Rxc6 Ra3+ 48. Kf4 Rb3 49. Rc4 Rb2 50. Kf3 Rb3+ 51. Ke4 Rb2 52.
g3 Rxh2 53. b5 Rb2 54. Rc5 g5 55. Kd5 h4 56. gxh4 gxh4 57. Kc6 h3 58. Rc3 h2
59. Rh3+ Kg5 60. b6 1/2-1/2

[Event "Elit(Manhem-LASK)"]
[Site "?"]
[Date "2009.03.15"]
[Round "11"]
[White "Olsson, Linus"]
[Black "Moberg, Karl Johan"]
[Result "1/2-1/2"]
[WhiteElo "2413"]
[BlackElo "2292"]
[PlyCount "59"]

1. Nf3 Nf6 2. c4 g6 3. Nc3 d5 4. cxd5 Nxd5 5. e4 Nxc3 6. dxc3 Qxd1+ 7. Kxd1 f6
8. Be3 e5 9. Nd2 Be6 10. Bc4 Kf7 11. Kc2 Nd7 12. Bxe6+ Kxe6 13. Nb3 h5 14. Rhd1
b6 15. Rd3 Be7 16. Rad1 Rad8 17. f4 Nb8 18. Rxd8 Rxd8 19. Rf1 exf4 20. Nd4+ Kd7
21. Bxf4 c5 22. Ne2 Nc6 23. h3 Ke6 24. Bc7 Rc8 25. Bh2 g5 26. Rd1 Rd8 27. Rxd8
Nxd8 28. Kd3 Nc6 29. b3 Bd6 30. Bxd6 1/2-1/2

[Event "Elit(Manhem-LASK)"]
[Site "?"]
[Date "2009.03.15"]
[Round "11"]
[White "Fendrich, David"]
[Black "Gajic, Mladen"]
[Result "1-0"]
[WhiteElo "2276"]
[BlackElo "2268"]
[PlyCount "65"]

1. c4 c6 2. g3 d5 3. Bg2 Nf6 4. Nf3 dxc4 5. Qc2 b5 6. a4 Bb7 7. b3 cxb3 8. Qxb3
a6 9. Ba3 e6 10. Bxf8 Rxf8 11. O-O Ke7 12. Nc3 Re8 13. e4 Kf8 14. e5 Nd5 15.
Ne4 Re7 16. Nd6 h6 17. d4 Qb6 18. Rfc1 Rc7 19. Qd3 Kg8 20. Nd2 Nd7 21. Rab1 Qa7
22. Bxd5 exd5 23. axb5 axb5 24. Qf5 Qxd4 25. Nf3 Qb6 26. Qxf7+ Kh8 27. Ne8 Nxe5
28. Qf8+ Kh7 29. Nxe5 c5 30. Qf5+ g6 31. Nf6+ Kg7 32. Qxg6+ Kf8 33. Nfd7+ 1-0

[Event "Elit(Limhamn-Skara)"]
[Site "?"]
[Date "2009.03.15"]
[Round "11"]
[White "Eklund, Lars-Goran"]
[Black "Brynell, Stellan"]
[Result "1-0"]
[WhiteElo "2383"]
[BlackElo "2586"]
[PlyCount "61"]

1. Nf3 d5 2. c4 d4 3. e3 Nc6 4. b4 dxe3 5. fxe3 Nxb4 6. d4 e5 7. a3 Nc6 8. Be2
e4 9. Nfd2 f5 10. Bb2 Qg5 11. O-O Qxe3+ 12. Kh1 Nf6 13. d5 Ne7 14. Nb3 Ng6 15.
c5 Qg5 16. Bb5+ Kd8 17. Ra2 f4 18. N1d2 Bf5 19. Na5 Rb8 20. c6 b6 21. Nb7+ Kc8
22. Nc4 Bg4 23. Bxf6 gxf6 24. d6 cxd6 25. Ncxd6+ Kc7 26. Qb3 Qe5 27. Rd2 Be6
28. Qa4 a5 29. Nxa5 Bxd6 30. Nc4 Bxc4 31. Qa7+ 1-0

[Event "Elit(Limhamn-Skara)"]
[Site "?"]
[Date "2009.03.15"]
[Round "11"]
[White "Ahlander, Bjorn"]
[Black "Cicak, Slavko"]
[Result "1/2-1/2"]
[WhiteElo "2524"]
[BlackElo "2596"]
[PlyCount "30"]

1. d4 g6 2. c4 Bg7 3. Nc3 Nf6 4. e4 O-O 5. Bg5 c5 6. d5 d6 7. Qd2 b5 8. cxb5 a6
9. f3 Qa5 10. a4 axb5 11. Nxb5 Qxd2+ 12. Bxd2 Ba6 13. Nc7 Ra7 14. Nb5 Bxb5 15.
Bxb5 Ne8 1/2-1/2

[Event "Elit(Limhamn-Skara)"]
[Site "?"]
[Date "2009.03.15"]
[Round "11"]
[White "Mohammadi, Amir"]
[Black "Hector, Jonny"]
[Result "0-1"]
[WhiteElo "2324"]
[BlackElo "2614"]
[PlyCount "48"]

1. e4 e5 2. Nf3 Nc6 3. Bc4 Nf6 4. d3 Be7 5. Nc3 d6 6. Be3 Na5 7. Bb3 O-O 8. h3
c6 9. d4 exd4 10. Qxd4 b5 11. Qd3 Nd7 12. Ne2 Qc7 13. c3 Ne5 14. Nxe5 dxe5 15.
O-O Nxb3 16. axb3 f5 17. f4 Be6 18. fxe5 Bxb3 19. Rxf5 Bc4 20. Rxf8+ Rxf8 21.
Qc2 Qxe5 22. Nd4 Bc5 23. Re1 Bd6 24. Nf5 Qh2+ 0-1

[Event "Elit(Limhamn-Skara)"]
[Site "?"]
[Date "2009.03.15"]
[Round "11"]
[White "Jepson, Christian"]
[Black "Djurhuus, Rune"]
[Result "1-0"]
[WhiteElo "2438"]
[BlackElo "2561"]
[PlyCount "71"]

1. c4 Nf6 2. Nc3 e5 3. g3 Bb4 4. Bg2 O-O 5. Nf3 Re8 6. O-O c6 7. d3 h6 8. a3
Bf8 9. e4 d5 10. exd5 cxd5 11. d4 e4 12. Ne5 Bf5 13. f3 exf3 14. Bxf3 Be6 15.
Bg2 Nc6 16. cxd5 Nxd5 17. Nxf7 Bxf7 18. Rxf7 Nxc3 19. Rxf8+ Rxf8 20. bxc3 Kh8
21. Bf4 Na5 22. Qd3 Rc8 23. Bh3 Rc6 24. d5 Rcf6 25. Re1 b6 26. Be5 Re8 27. Re3
Rf7 28. Be6 Rf6 29. Bxf6 Qxf6 30. Rf3 Qe5 31. Qg6 Rd8 32. Bf5 Kg8 33. Be6+ Kh8
34. Bf5 Kg8 35. Be4 Kh8 36. Qh7# 1-0

[Event "Elit(Limhamn-Skara)"]
[Site "?"]
[Date "2009.03.15"]
[Round "11"]
[White "Andersson, Goran"]
[Black "Schneider, Stefan"]
[Result "1/2-1/2"]
[WhiteElo "2299"]
[BlackElo "2451"]
[PlyCount "109"]

1. e4 e6 2. d4 d5 3. Nc3 Bb4 4. e5 Qd7 5. Qg4 f5 6. Qg3 b6 7. a3 Bxc3+ 8. bxc3
Ba6 9. Bxa6 Nxa6 10. a4 Nb8 11. a5 Nc6 12. axb6 cxb6 13. Ne2 Qf7 14. h4 Na5 15.
Nf4 Ne7 16. h5 h6 17. Ba3 Nec6 18. Ng6 Rg8 19. Qf4 Nc4 20. Bd6 a5 21. Rh3 O-O-O
22. g4 Rge8 23. Ba3 Nxa3 24. Rxa3 Ne7 25. Rb3 Kb7 26. Nxe7 Qxe7 27. gxf5 Rf8
28. f6 gxf6 29. Qxh6 fxe5 30. dxe5 Qc5 31. Qe3 Qxe3+ 32. fxe3 Rf5 33. Kd2 Rxe5
34. Rb1 Rh8 35. h6 Rg5 36. Rf1 Rg6 37. Rf7+ Kc6 38. h7 Kb5 39. Rc7 Rg1 40. Rh6
e5 41. Rd6 Rh1 42. Rxd5+ Ka4 43. c4 R8xh7 44. Rxh7 Rxh7 45. Kc3 Ka3 46. Rxe5 a4
47. Rb5 Rh6 48. e4 Ka2 49. e5 a3 50. Kd4 Ka1 51. Kd5 a2 52. Rb3 b5 53. Ra3 bxc4
54. Kxc4 Rc6+ 55. Kd5 1/2-1/2

[Event "Elit(Limhamn-Skara)"]
[Site "?"]
[Date "2009.03.15"]
[Round "11"]
[White "Tadjerbashi, Amir"]
[Black "Cederqvist, Niclas"]
[Result "1/2-1/2"]
[WhiteElo "2260"]
[BlackElo "2166"]
[PlyCount "48"]

1. e4 e6 2. d4 d5 3. Nd2 c5 4. exd5 exd5 5. Ngf3 Nc6 6. Bb5 Bd6 7. dxc5 Bxc5 8.
Nb3 Bd6 9. O-O Nge7 10. Bg5 O-O 11. Bh4 a6 12. Be2 Be6 13. c3 f6 14. Nfd4 Bf7
15. Re1 Qc7 16. Bg3 Bxg3 17. hxg3 Ne5 18. Bg4 Rfe8 19. Be6 N7c6 20. f4 Nxd4 21.
cxd4 Nc4 22. Nc5 Bxe6 23. Nxe6 Qf7 24. f5 Nxb2 1/2-1/2

[Event "Elit(Limhamn-Skara)"]
[Site "?"]
[Date "2009.03.15"]
[Round "11"]
[White "Friberg, Hans"]
[Black "Penalver, Osmani"]
[Result "0-1"]
[WhiteElo "2287"]
[BlackElo "2279"]
[PlyCount "74"]

1. e4 c5 2. Nf3 d6 3. Bb5+ Bd7 4. Bxd7+ Qxd7 5. c4 Qg4 6. O-O Qxe4 7. d4 Qc6 8.
Re1 Na6 9. Nc3 Qd7 10. Bf4 Nf6 11. Nb5 e6 12. d5 Rd8 13. dxe6 fxe6 14. Qa4 Be7
15. Bxd6 Bxd6 16. Rxe6+ Be7 17. Ne5 Qd2 18. Nd6+ Kf8 19. Nxb7 Qxb2 20. Re1 Qxb7
21. Nc6 Rd6 22. Rxd6 Bxd6 23. Nd8 Qb4 24. Qd1 Qb8 25. Ne6+ Kg8 26. g3 h5 27.
Ng5 h4 28. Re6 Be5 29. Rxa6 hxg3 30. Rxf6 gxh2+ 31. Kh1 gxf6 32. Qd5+ Kg7 33.
Ne6+ Kg6 34. Qe4+ Kf7 35. Nxc5 Rh4 36. Qd5+ Kg6 37. Qd3+ Kh6 0-1

[Event "Elit(Limhamn-Skara)"]
[Site "?"]
[Date "2009.03.15"]
[Round "11"]
[White "Nylen, Anders"]
[Black "Jacobsson, Erik"]
[Result "1/2-1/2"]
[WhiteElo "2244"]
[BlackElo "2110"]
[PlyCount "109"]
[EventDate "2009.??.??"]

1. d4 Nf6 2. c4 g6 3. Nc3 Bg7 4. e4 d6 5. f3 O-O 6. Bg5 h6 7. Be3 Nc6 8. Nge2
a6 9. Qd2 Kh7 10. d5 Ne5 11. Nd4 c5 12. Nc2 e6 13. a4 exd5 14. cxd5 b6 15. Be2
Rb8 16. O-O Ne8 17. Rab1 Nc7 18. Rfc1 a5 19. Rf1 f5 20. Na3 Na6 21. exf5 gxf5
22. Nc4 Qf6 23. f4 Nxc4 24. Bxc4 Nb4 25. Nb5 Rb7 26. Qf2 Re7 27. Bd2 Bb7 28.
Bc3 Qg6 29. Rbe1 Rfe8 30. Bxg7 Qxg7 31. Nxd6 Rxe1 32. Rxe1 Rxe1+ 33. Qxe1 Bxd5
34. Bxd5 Qd4+ 35. Kh1 Nxd5 36. Nxf5 Qxf4 37. Qb1 Kh8 38. h3 Qxa4 39. b3 Qb4 40.
Qc1 Kg8 41. Nxh6+ Kh7 42. Ng4 Qf4 43. Qd1 Nf6 44. Qd3+ Kg7 45. Ne3 Qe4 46. Qc3
Kg6 47. Nc4 Nd5 48. Qg3+ Kh7 49. Nd6 Qe6 50. Qh4+ Kg6 51. Nc4 Qf5 52. Qg3+ Kh5
53. Qe1 Kg6 54. Qe8+ Kh6 55. Qh8+ 1/2-1/2

[Event "Elit(Kamraterna-Orgryte)"]
[Site "?"]
[Date "2009.03.15"]
[Round "11"]
[White "Hultin, Johan"]
[Black "Akbarinia, Arash"]
[Result "1-0"]
[WhiteElo "2306"]
[BlackElo "2389"]
[PlyCount "117"]

1. d4 d5 2. c4 e6 3. Nc3 Be7 4. Nf3 Nf6 5. Bg5 O-O 6. e3 h6 7. Bh4 b6 8. Bxf6
Bxf6 9. cxd5 exd5 10. b4 c5 11. bxc5 bxc5 12. Bb5 Bg4 13. O-O cxd4 14. exd4 Qd6
15. Rc1 Nd7 16. h3 Be6 17. Ba4 Nb6 18. Bb3 Rfc8 19. Qd3 Qa3 20. Rc2 g6 21. Re2
Bg7 22. Ne5 Qa5 23. Nd1 Bf5 24. Qf3 Rc7 25. Ne3 Be4 26. Qg3 Qc3 27. Rd1 Re7 28.
Nf5 Rc7 29. Re3 Qb2 30. Nxg7 Kxg7 31. Nxg6 Rc1 32. Ne5+ Kh7 33. Rxe4 Rxd1+ 34.
Bxd1 dxe4 35. Qf4 Qxa2 36. Qxe4+ Kg7 37. Qg4+ Kf8 38. Qf4 Kg7 39. Qg4+ Kf8 40.
Qh4 Qd2 41. Bf3 Qc1+ 42. Kh2 Qg5 43. Qxg5 hxg5 44. Bxa8 Nxa8 45. Nc6 a6 46. Kg3
Nb6 47. f4 gxf4+ 48. Kxf4 f6 49. Ke4 Kf7 50. d5 Ke8 51. h4 Kf7 52. h5 Kg7 53.
d6 Kh6 54. Kf5 Kxh5 55. Kxf6 Kg4 56. Ke6 Kg3 57. Na5 Kxg2 58. Nc4 Na4 59. Kd5
1-0

[Event "Elit(Kamraterna-Orgryte)"]
[Site "?"]
[Date "2009.03.15"]
[Round "11"]
[White "Svensson, Bengt"]
[Black "Ziegler, Ari"]
[Result "1/2-1/2"]
[WhiteElo "2479"]
[BlackElo "2427"]
[PlyCount "112"]

1. e4 e6 2. d4 d5 3. Nc3 Nf6 4. e5 Nfd7 5. f4 c5 6. Nf3 Nc6 7. Be3 Be7 8. Qd2
O-O 9. Be2 a6 10. O-O b5 11. dxc5 Bxc5 12. Kh1 b4 13. Na4 Bxe3 14. Qxe3 Qc7 15.
Bd3 h6 16. Qf2 f6 17. Nc5 Nxc5 18. Qxc5 Bd7 19. Rae1 f5 20. Rg1 Qa7 21. Qxa7
Rxa7 22. Ra1 Be8 23. h3 Bh5 24. Nd2 g5 25. g3 Nd4 26. Kg2 a5 27. Kf2 Rc8 28.
Rac1 a4 29. Ke3 Nc6 30. a3 bxa3 31. bxa3 Rb8 32. Rb1 Rab7 33. c3 Be8 34. Rxb7
Rxb7 35. Rb1 Rxb1 36. Bxb1 gxf4+ 37. gxf4 Na5 38. Bc2 Kg7 39. Kd4 Nb7 40. Bd3
Kg6 41. Be2 Na5 42. Ke3 Bd7 43. c4 dxc4 44. Nxc4 Nxc4+ 45. Bxc4 Kh5 46. Kf3 Kh4
47. Kg2 Bc6+ 48. Kh2 Bd7 49. Ba6 Bc6 50. Bc8 Bd5 51. Bd7 Bb3 52. Bc6 Bc2 53.
Bb5 Bb3 54. Bd7 h5 55. Bb5 Bc2 56. Be8 Bd1 1/2-1/2

[Event "Elit(Kamraterna-Orgryte)"]
[Site "?"]
[Date "2009.03.15"]
[Round "11"]
[White "Frisk Kockum, Anton"]
[Black "Svenn, Gosta"]
[Result "1-0"]
[WhiteElo "2280"]
[BlackElo "2378"]
[PlyCount "134"]

1. d4 Nf6 2. Nf3 e6 3. c4 d5 4. Nc3 Be7 5. Bg5 O-O 6. e3 h6 7. Bh4 Ne4 8. Bxe7
Qxe7 9. Rc1 c6 10. Bd3 Nxc3 11. Rxc3 Nd7 12. O-O dxc4 13. Bxc4 b6 14. Bd3 Bb7
15. Be4 Rac8 16. Qc2 Nf6 17. Bxc6 Nd5 18. Bxd5 Rxc3 19. Qxc3 Bxd5 20. Rc1 Bxf3
21. gxf3 Qg5+ 22. Kh1 Qd5 23. e4 Qxa2 24. Rg1 g6 25. Rd1 Qa4 26. b3 Qb5 27. Rd3
Qd7 28. Qd2 Kh7 29. Kg2 a5 30. d5 exd5 31. Rxd5 Qe6 32. Qd4 Rc8 33. h3 Rc6 34.
Rd7 Rc5 35. Rd6 Rg5+ 36. Kh2 Qe5+ 37. Qxe5 Rxe5 38. Rxb6 Rc5 39. h4 Kg7 40. Kg3
Re5 41. Kg4 Kf8 42. Rb7 Kg8 43. b4 axb4 44. Rxb4 Ra5 45. Rd4 Ra2 46. Kg3 h5 47.
f4 Ra3+ 48. f3 Ra1 49. Rd5 Rg1+ 50. Kh2 Re1 51. f5 Kg7 52. fxg6 fxg6 53. Ra5
Kf6 54. Kg2 Ke6 55. Ra6+ Kf7 56. Kg3 Rh1 57. e5 Rg1+ 58. Kf4 Ke7 59. Rf6 Rg2
60. Ke3 Ke8 61. f4 Rg4 62. Ke4 Ke7 63. Ra6 Kf7 64. Ra7+ Kf8 65. e6 Rxh4 66. Ke5
Rg4 67. Kd6 Rxf4 1-0

[Event "Elit(Kamraterna-Orgryte)"]
[Site "?"]
[Date "2009.03.15"]
[Round "11"]
[White "Andreasson, Ingvar"]
[Black "Arnelind, Mikael"]
[Result "1/2-1/2"]
[WhiteElo "2414"]
[BlackElo "2293"]
[PlyCount "60"]

1. e4 e6 2. d4 d5 3. exd5 exd5 4. Nc3 c6 5. Qf3 Nf6 6. h3 Be7 7. Bd3 Nbd7 8.
Nge2 Nf8 9. g4 Ne6 10. Be3 b5 11. Ng3 b4 12. Nce2 a5 13. g5 Nd7 14. h4 Ba6 15.
Bxa6 Rxa6 16. Nf5 Bf8 17. Nf4 g6 18. Ng3 Bg7 19. Nxe6 fxe6 20. Qe2 Qc8 21. h5
c5 22. O-O-O b3 23. Kb1 cxd4 24. Bxd4 Qxc2+ 25. Qxc2 bxc2+ 26. Kxc2 Bxd4 27.
Rxd4 O-O 28. f4 Rc8+ 29. Kb1 Rac6 30. hxg6 hxg6 1/2-1/2

[Event "Elit(Kamraterna-Orgryte)"]
[Site "?"]
[Date "2009.03.15"]
[Round "11"]
[White "Virolainen, Victor"]
[Black "Svenn, Matti"]
[Result "1-0"]
[WhiteElo "2214"]
[BlackElo "2260"]
[PlyCount "81"]

1. d4 d5 2. Nf3 e6 3. c4 Be7 4. g3 Nf6 5. Bg2 O-O 6. O-O c5 7. dxc5 Bxc5 8.
Nbd2 Nc6 9. cxd5 exd5 10. Nb3 Be7 11. Nfd4 Re8 12. Re1 h6 13. Nxc6 bxc6 14. Qc2
Bd7 15. Be3 Bb4 16. Red1 Qe7 17. Rac1 Rac8 18. a3 Bd6 19. Bxa7 Qxe2 20. Qxe2
Rxe2 21. Bd4 Rb8 22. Na5 Rc8 23. Kf1 Ree8 24. Nb7 Be5 25. Bxe5 Rxe5 26. Nc5 Be8
27. Re1 Rxe1+ 28. Rxe1 Kf8 29. Bh3 Ra8 30. Re3 h5 31. b4 Ng4 32. Bxg4 hxg4 33.
a4 Ra7 34. a5 f6 35. Ke2 Bg6 36. Ne6+ Kg8 37. Kd2 d4 38. Nxd4 c5 39. Nc6 Rd7+
40. Kc3 cxb4+ 41. Kxb4 1-0

[Event "Elit(Kamraterna-Orgryte)"]
[Site "?"]
[Date "2009.03.15"]
[Round "11"]
[White "Haggstrom, Olle"]
[Black "Tibell, Ingemar"]
[Result "1/2-1/2"]
[WhiteElo "2228"]
[BlackElo "2003"]
[PlyCount "90"]

1. d4 Nf6 2. c4 e6 3. Nc3 Bb4 4. Qc2 c5 5. dxc5 Na6 6. a3 Bxc5 7. b4 Be7 8. Nf3
d5 9. e3 Nc7 10. Be2 Bd7 11. Bb2 Rc8 12. Qb3 O-O 13. O-O Qe8 14. Ne5 Bd6 15.
Nxd7 Qxd7 16. Rfd1 Rfd8 17. cxd5 Ncxd5 18. Nxd5 Nxd5 19. g3 Qe7 20. Bf3 Nf6 21.
Bd4 b6 22. Rac1 e5 23. Bb2 e4 24. Rxc8 Rxc8 25. Bxf6 gxf6 26. Bg4 Rd8 27. Qc4
Qe5 28. Qd5 Be7 29. Qxe5 Rxd1+ 30. Bxd1 fxe5 31. Bg4 Kg7 32. Bf5 h6 33. Bxe4 a5
34. bxa5 bxa5 35. a4 Bb4 36. Kg2 Kf6 37. Kf3 Be1 38. Bd5 Kg6 39. e4 f6 40. Be6
Kg7 41. h4 Bc3 42. Kg4 Be1 43. f4 Bf2 44. Kf3 Be1 45. g4 Bd2 1/2-1/2

[Event "Elit(Kamraterna-Orgryte)"]
[Site "?"]
[Date "2009.03.15"]
[Round "11"]
[White "Forsberg, Jan-Olof"]
[Black "Hamark, Jesper"]
[Result "0-1"]
[WhiteElo "2218"]
[BlackElo "2378"]
[PlyCount "80"]

1. d4 e6 2. Nf3 c5 3. e4 cxd4 4. Nxd4 Nc6 5. Nb5 d6 6. Bf4 e5 7. Be3 a6 8. N5c3
Nf6 9. Bg5 Be7 10. Bxf6 Bxf6 11. Nd5 O-O 12. Nd2 Bg5 13. Nc4 Be6 14. Ncb6 Rb8
15. h4 Bh6 16. g4 Bf4 17. c3 Ne7 18. Nxe7+ Qxe7 19. Nd5 Qd7 20. Rg1 b5 21. g5
Rfc8 22. Qf3 Bxd5 23. exd5 Rc5 24. Qe4 g6 25. Rd1 Rf8 26. Be2 Kg7 27. Bd3 Qb7
28. Be2 Qe7 29. Rg4 Qd8 30. Qg2 Rh8 31. Bd3 Qa8 32. Be4 Qb7 33. a3 a5 34. h5 b4
35. Qh3 h6 36. gxh6+ Rxh6 37. Qg2 bxc3 38. bxc3 Qd7 39. hxg6 f5 40. Rxf4 exf4
0-1

[Event "Elit(Kamraterna-Orgryte)"]
[Site "?"]
[Date "2009.03.15"]
[Round "11"]
[White "Madebrink, Lars"]
[Black "Eksmyr, Johan"]
[Result "0-1"]
[WhiteElo "2270"]
[BlackElo "2156"]
[PlyCount "78"]

1. c4 e5 2. Nc3 Bb4 3. Qc2 Nc6 4. Nf3 a5 5. g3 Nge7 6. Bg2 d6 7. O-O Bf5 8. d3
Qd7 9. Nd5 Bc5 10. a3 Bg4 11. e3 f6 12. Bd2 Nxd5 13. cxd5 Ne7 14. b4 Bb6 15.
Qc4 h5 16. Rfc1 axb4 17. axb4 Kf7 18. d4 Rxa1 19. Rxa1 Bxf3 20. Bxf3 Qf5 21.
Bg2 exd4 22. e4 Qg4 23. h3 Qc8 24. Kh2 h4 25. g4 g5 26. f4 gxf4 27. Bxf4 Ng6
28. Rf1 Kg7 29. g5 fxg5 30. Bxg5 Rf8 31. Qe2 Rxf1 32. Bxf1 Qf8 33. Bg2 Qe8 34.
Qg4 Qe5+ 35. Kh1 d3 36. Qd7+ Kg8 37. Qd8+ Nf8 38. Bf6 Qf4 39. Qe7 Qc1+ 0-1

[Event "Elit(Farsta-Vasteras)"]
[Site "?"]
[Date "2009.03.15"]
[Round "11"]
[White "Eriksson, Johan"]
[Black "Ong, Kezli"]
[Result "1-0"]
[WhiteElo "2441"]
[BlackElo "2320"]
[PlyCount "179"]

1. d4 Nf6 2. c4 e6 3. Nc3 Bb4 4. Qc2 O-O 5. a3 Bxc3+ 6. Qxc3 b6 7. Bg5 Bb7 8.
f3 h6 9. Bh4 d5 10. e3 Nbd7 11. cxd5 Nxd5 12. Bxd8 Nxc3 13. Be7 Rfe8 14. Bh4
Nd5 15. Bf2 e5 16. e4 exd4 17. O-O-O Nf4 18. Bxd4 Rad8 19. Be3 Ne6 20. Nh3 Ndc5
21. Bc4 Ba6 22. Bxa6 Nxa6 23. Nf4 Nac5 24. Kc2 Nxf4 25. Bxf4 Ne6 26. Be3 Kf8
27. a4 Rxd1 28. Rxd1 Rd8 29. Rxd8+ Nxd8 30. Bf4 Ne6 31. Bg3 Ke7 32. Kc3 Kd7 33.
b4 a6 34. Kc4 c6 35. Be5 h5 36. h4 g6 37. g4 b5+ 38. axb5 axb5+ 39. Kd3 c5 40.
Bc3 Kd6 41. Ke3 cxb4 42. Bxb4+ Kd7 43. gxh5 gxh5 44. f4 f6 45. f5 Nd8 46. Bc3
Ke7 47. Kd4 Nf7 48. Kc5 Nh6 49. Kxb5 Ng4 50. Kc5 Nh2 51. Be1 Ng4 52. Bg3 Nh6
53. Kd4 Nf7 54. Bf4 Nh8 55. Kd5 Nf7 56. Kc6 Nd8+ 57. Kd5 Nf7 58. Kc5 Kd7 59.
Kd5 Ke7 60. e5 fxe5 61. Bxe5 Kd7 62. Ke4 Ke7 63. Kf4 Kd7 64. Bc3 Ke7 65. Bb4+
Kd7 66. Bc3 Ke7 67. Bg7 Kd7 68. Bf6 Kd6 69. Ke4 Kd7 70. Bg5 Kd6 71. Bf4+ Ke7
72. Be3 Kd6 73. Bd4 Ke7 74. Kd5 Kd7 75. Bc5 Nh6 76. Ke5 Ng4+ 77. Kf4 Kc6 78.
Bf8 Kd5 79. Kg5 Ne3 80. Bh6 Ke5 81. Bg7+ Kd6 82. Bd4 Nc2 83. Bg1 Nb4 84. Bh2+
Ke7 85. Kg6 Nd5 86. Be5 Ne3 87. Bf4 Nd5 88. Bg5+ Kf8 89. f6 Nc7 90. Bh6+ 1-0